Score 0/12 Timer 04:00
1 Play Today
% Correct
1928
Mickey Mouse
79.5%
2014
BoJack Horseman
73.9%
1960
Fred Flintstone
70.8%
1940
Bugs Bunny
61.6%
1999
SpongeBob
61.5%
1987
Bart Simpson
61.4%
1984
Optimus Prime
60.2%
2001
Jimmy Neutron
58%
1992
Beavis & Butthead
56.2%
1969
Scooby-Doo
54.2%
1949
Mr. Magoo
50.3%
1995
Dexter
48.7%
Remove Ads.
Support Sporcle.
Get the best of Sporcle when you Go Orange. This ad-free experience offers more features, more stats, and more fun while also helping to support Sporcle. Thank you for becoming a member.

You're not logged in!

Compare scores with friends on all Sporcle quizzes.
OR
Log In

Sporcle TV

Today on Sporcle TV


Watch our educational content, quiz creation guides, and fun videos on Sporcle TV.

Show Comments

Extras

Top Quizzes Today


Score Distribution

Paid Content

Your Account Isn't Verified!

In order to create a playlist on Sporcle, you need to verify the email address you used during registration. Go to your Sporcle Settings to finish the process.

Report this User

Report this user for behavior that violates our Community Guidelines.

Details: